Riigid, mis algavad tähega H - Statistics

General Stats
  • This quiz has been taken 7 times
  • The average score is 4 of 5
Answer Stats
Maa % Correct
Hiina
100%
Haiti
80%
Honduras
80%
Horvaatia
80%
Hispaania
60%
No matching quizzes found
Score Distribution
Percent of People with Each Score
Percentile by Number Answered
Your Score History
You have not taken this quiz